000 00630cam a22001691 4500
040 _cWGrU
082 _a636 PUB 1967 A106 Or.
100 1 _aMason, I. L.
245 1 0 _aSheep breeds of the Mediterranean
260 _aFarnham Royal (Bucks),
_bpublished by arrangement with the Food and Agriculture Organization of the United Nations by the Commonwealth Agricultural Bureaux
_c[1967]
300 _axix, 215 p.
_b80 plates, maps, tables.
_c26 cm.
650 0 _aSheep breeds.
650 0 _aSheep
710 2 _aFood and Agriculture Organization of the United Nations.
710 2 _aCommonwealth Agricultural Bureaux.
942 _cEK
999 _c16552
_d16552